| 000 | 00655nam a2200217 a 4500 | ||
|---|---|---|---|
| 005 | 20231017063657.0 | ||
| 008 | 181120s2018 mx r 000 0 spa d | ||
| 020 | _a9786077364979 | ||
| 035 | _aUPN01000227928 | ||
| 049 | _aCG | ||
| 050 | 4 |
_aJC599 M6 _bD4.4 |
|
| 245 | 0 | 0 |
_aDerechos humanos y justicia alternativa / _ccoord. Julio Cabrera Dircio. |
| 260 |
_aMéxico : _bFontamara, _c2018. |
||
| 300 | _a214 p. | ||
| 440 | 0 |
_aArgumentos ; _v443 |
|
| 650 | 4 |
_aDerechos humanos _zMéxico _95183 |
|
| 650 | 4 |
_aJusticia _xAdministración _zMéxico _919268 |
|
| 700 | 1 |
_aCabrera Dircio, Julio, _d1957- _ecoord. _942448 |
|
| 905 | _aLibro | ||
| 999 |
_c200023 _d200023 |
||